| 000 | 00341nam a2200133Ia 4500 | ||
|---|---|---|---|
| 008 | 240624s9999 xx 000 0 und d | ||
| 041 | _aeng | ||
| 082 | _a658.3 KUM | ||
| 100 | _aKUMAR K B S | ||
| 245 | _aHRM PRACTICES COUNTRY EXPERIENCES | ||
| 260 |
_c2006 _aHyderabad _bICFAI press |
||
| 300 | _avii, : 221 : p. : cm. ; 23 | ||
| 365 |
_cRS _b50 |
||
| 999 |
_c6541 _d6541 |
||